| 000 | 01382cad a22002775a 4500 | ||
|---|---|---|---|
| 001 | L153372 | ||
| 008 | 110718s2011 xxk f 000 0 eng d | ||
| 020 | _a9781842196878 | ||
| 035 | _a(Sirsi) u153372 | ||
| 041 | 0 | _aeng | |
| 050 | 0 | 4 | _a658.152 $2 20 |
| 110 | 2 |
_aRoyal Institution of Chartered Surveyors _94900 |
|
| 245 | 0 | 0 |
_aCash flow forecasting _h[old edition] |
| 260 |
_aCoventry _bRICS _c2011 |
||
| 490 | 0 |
_aRICS Guidance Note _v(GN 79/2011) |
|
| 490 | 0 | _aRICS Black Book | |
| 520 | _aThis guidance note summarises what cash flow forecasting is, how to produce a useful forecast and how to use the forecast to assess progress on site and assist both employers and contractors to analyse actual expenditure against forecast expenditure. Guidance is given on the cash flow of construction contracts (project cash flows) and not specifically for the cash flows of companies (organisational cash flow), although many principles do overlap. | ||
| 520 | _aReplaced by 2nd edition, July 2024, ISBN 9781783215294 | ||
| 590 | _aKA NTK | ||
| 650 | 2 | 4 | _aRICS BLACK BOOK |
| 650 | 2 | 4 | _aRICS QS AND CONSTRUCTION STANDARDS |
| 651 | 4 | _aUnited Kingdom | |
| 690 | _aBUILT ENVIRONMENT-CONSTRUCTION MANAGEMENT | ||
| 856 | 4 | 0 |
_uhttps://www.isurv.com/downloads/download/1384/cash_flow_forecasting_%E2%80%93_uk_archived _zArchived on isurv (subscription required) |
| 942 |
_n0 _2ddc |
||
| 999 |
_c112488 _d112488 |
||